LEADER 00799cam0 22002531 450 001 SOBE00062252 005 20190611114045.0 010 $a9781405179836 100 $a20190611d2013 |||||ita|0103 ba 101 $aeng 102 $aUS 200 1 $aHollywood Stardom$fPaul McDonald 210 $aMalden, MA [etc.]$cWiley Blackwell$d2013 215 $a342 p.$cill.$d23 cm 700 1$aMcDonald$b, Paul$3SOBA00018366$4070$0694301 801 0$aIT$bUNISOB$c20190611$gRICA 850 $aUNISOB 852 $aUNISOB$j791.43$m170980 912 $aSOBE00062252 940 $aM 102 Monografia moderna SBN 941 $aM 957 $a791.43$b001325$gSI$d170980$n20190610$racquisto$tV$1menle$2UNISOB$3UNISOB$420190611114009.0$520190611114045.0$6menle 996 $aHollywood Stardom$91729948 997 $aUNISOB